|
|
|
|
| LEADER |
00000nkm a2200000 a 4500 |
| 001 |
vtls011554064 |
| 003 |
SK-MaSNL |
| 005 |
20260512122804.0 |
| 007 |
kp bo |
| 008 |
231214q1920 xr |g||||| |00 kuslo |
| 015 |
|
|
|a SNBG
|
| 035 |
|
|
|a urn:nbn:sk:snk-km00bk9o
|
| 035 |
|
|
|a urn:nbn:sk:snk-km3lmub
|
| 035 |
|
|
|a A2BC49CD-9A07-4A4C-B7AD-5A760B985510
|
| 040 |
|
|
|a SNK
|b slo
|c SNK
|e AACR2
|
| 041 |
0 |
|
|a slo
|
| 043 |
|
|
|a e-xo---
|
| 044 |
|
|
|a xr
|c CZ
|
| 080 |
|
|
|a 908(437.6)
|2 2011
|
| 080 |
|
|
|a 640.412
|2 2011
|
| 080 |
|
|
|a (084.121)
|2 2011
|
| 080 |
|
|
|a (437.6)
|2 2011
|
| 100 |
1 |
|
|a Vavroušek, Bohumil,
|d 1875-1939
|4 pht
|9 243706
|
| 245 |
1 |
0 |
|a Tatranská Lomnica
|h grafika
|b Hotel Lomnica
|c fot. B. Vavroušek
|
| 260 |
|
|
|a Praha
|b B. Kočí
|c [medzi 1920 a 1923?]
|
| 300 |
|
|
|a 1 pohľadnica
|b čiernobiela
|c 9 x 14 cm
|
| 490 |
1 |
|
|a Malebné pohľady zo Slovenska
|v II. 8
|
| 610 |
2 |
7 |
|a Hotel Lomnica (Tatranská Lomnica, Vysoké Tatry, Slovensko)
|2 SNKKA
|9 219995
|
| 651 |
|
7 |
|a Vysoké Tatry (Poľsko a Slovensko : pohorie)
|2 SNKPHgeo
|9 67729
|
| 651 |
|
7 |
|a Tatranská Lomnica (Vysoké Tatry, Slovensko)
|2 SNKPH
|9 160914
|
| 655 |
|
7 |
|a miestne pohľadnice
|2 SNKPH
|9 70510
|
| 830 |
|
0 |
|a Malebné pohľady zo Slovenska
|9 422620
|
| 852 |
|
|
|a Slovenská národná knižnica
|
| 958 |
|
|
|a GC
|
| 958 |
|
|
|a ONDV
|
| 958 |
|
|
|a GBN
|
| 999 |
|
|
|c 673151
|d 675081
|
| 952 |
|
|
|a SNK
|b SNK
|y PREZ
|7 0
|p 17A1183724
|o snkSP 15251
|0 0
|1 0
|4 0
|d 2016-05-20
|f 1
|l 0
|r 2026-02-23 19:32:51
|w 2026-02-23
|